000
00336 a2200109 4500
001
ART_9617
005
20260410161837.0
008
260409a
245
1
0
_a
Enfoque sistémico de la contabilidad
100
1
_a
Herrscher, Enrique G.
773
0
_t
Contabilidad y administración
_g
- Año 5, Nº 54 (dic. 1981)
_w
REV5485
999
_c
23737
_d
23737